| 000 | 00438nam a2200157 a 4500 | ||
|---|---|---|---|
| 005 | 20140414132123.0 | ||
| 008 | 131216s19uu xx 00 eng d | ||
| 020 | _a9780857260363 | ||
| 050 |
_aTR _bHow847 2012 |
||
| 100 | _aRooney, Louise | ||
| 245 |
_aHow does a rainfall?: _bthe story of a little raindrop. |
||
| 260 |
_aLondon : _bAlligator Books Limited, _cc2012. |
||
| 300 | _a10 | ||
| 650 |
_aRainfall- _xfiction |
||
| 999 |
_c115128 _d115128 |
||